[Event "ICS Rated blitz match"]
[Site "204.178.125.65"]
[Date "1999.11.29"]
[Round "?"]
[White "SharpShooter"]
[Black "Hossa"]
[Result "1-0"]
[WhiteElo "2646"]
[BlackElo "2446"]
[PlyCount "111"]
[EventDate "1999.??.??"]

1. g4 d5 2. e3 Nf6 3. g5 Ne4 4. f4 Bf5 5. d3 Nc5 6. Ne2 e6 7. Ng3 h6 8. gxh6
Rxh6 9. Nd2 Bd6 10. d4 Ne4 11. Ndxe4 Bxe4 12. Nxe4 dxe4 13. Qg4 Nc6 14. Qg2
Qh4+ 15. Kd1 Qh5+ 16. Be2 Qg6 17. Qxg6 Rxg6 18. Bd2 Rh6 19. Bb5 Kd7 20. c4 Rh5
21. Bc3 Rah8 22. Rg1 R8h7 23. Ba4 b6 24. Rc1 Bf8 25. Bd2 R7h6 26. Rg5 Rxh2 27.
d5 Kd6 28. Bxc6 a5 29. Re5 Rg2 30. Kc2 Rhh2 31. Rd1 Kc5 32. Rxe4 Re2 33. Bb7
exd5 34. Bxd5 f6 35. Re6 Bd6 36. a3 Rxd2+ 37. Rxd2 Rxd2+ 38. Kxd2 a4 39. Re8 b5
40. Ra8 g5 41. fxg5 fxg5 42. Ra6 bxc4 43. Ra5+ Kb6 44. Rxa4 Be5 45. Bxc4 Bxb2
46. Rb4+ Kc5 47. Rxb2 Kxc4 48. a4 g4 49. a5 Kc5 50. a6 g3 51. a7 Kd6 52. a8=Q
c6 53. Rb6 Ke7 54. Rxc6 Kf7 55. Qb7+ Kg8 56. Rc8# {Hossa checkmated} 1-0

[Event "ICS Rated blitz match"]
[Site "204.178.125.65"]
[Date "1999.11.29"]
[Round "?"]
[White "Hossa"]
[Black "AlBundy"]
[Result "1-0"]
[WhiteElo "2438"]
[BlackElo "2453"]
[PlyCount "61"]
[EventDate "1999.??.??"]

1. g4 d5 2. e3 e5 3. Nc3 c5 4. Bg2 Be6 5. d4 cxd4 6. exd4 e4 7. Qe2 Nc6 8. Be3
Bb4 9. Nh3 Qd7 10. f3 h5 11. Nf4 exf3 12. Bxf3 hxg4 13. Bg2 Nf6 14. O-O-O Bxc3
15. bxc3 O-O-O 16. c4 g5 17. Nxe6 Qxe6 18. Rhe1 Rxh2 19. cxd5 Nxd5 20. Bxd5
Qxd5 21. Qxh2 Qxa2 22. Qf2 Nb4 23. Re2 Nd5 24. Rd3 Rh8 25. Qf5+ Kc7 26. Qe5+
Kc6 27. Qxh8 Qa1+ 28. Kd2 Qa5+ 29. Kd1 Qa1+ 30. Bc1 Nf4 31. Qc8+ {
AlBundy resigns} 1-0

[Event "ICS Rated blitz match"]
[Site "204.178.125.65"]
[Date "1999.11.29"]
[Round "?"]
[White "Hossa"]
[Black "SharpShooter"]
[Result "0-1"]
[WhiteElo "2455"]
[BlackElo "2654"]
[PlyCount "38"]
[EventDate "1999.??.??"]

1. g4 e5 2. e4 d5 3. Qe2 dxe4 4. Nc3 Nc6 5. h3 f5 6. gxf5 Bxf5 7. Nxe4 Nd4 8.
Qd3 Qh4 9. Bg2 Nf6 10. Qg3 Qxg3 11. Nxg3 Nxc2+ 12. Kd1 Bg6 13. Bxb7 Rb8 14.
Bc6+ Kd8 15. Nf3 Bd6 16. Rb1 Nb4 17. Ra1 Nxc6 18. b3 Bc5 19. Bb2 19... Ne4 {
Hossa resigns} 0-1

[Event "ICS Rated blitz match"]
[Site "204.178.125.65"]
[Date "1999.11.29"]
[Round "?"]
[White "Hossa"]
[Black "Astra"]
[Result "1-0"]
[WhiteElo "2453"]
[BlackElo "2173"]
[PlyCount "43"]
[EventDate "1999.??.??"]

1. g4 e5 2. e4 Bc5 3. Nc3 Nc6 4. Nf3 d6 5. h3 Nge7 6. Bg2 Ng6 7. d3 a6 8. Nd5
Be6 9. Bg5 f6 10. Be3 Bxd5 11. exd5 Nce7 12. d4 Bb6 13. c4 Ba5+ 14. Kf1 c5 15.
dxc5 dxc5 16. Bxc5 O-O 17. b4 Bb6 18. Qb3 Nf4 19. d6 Nc8 20. Bxb6 Nxb6 21. c5+
Nbd5 22. Nd2 {Astra resigns} 1-0

[Event "ICS Rated blitz match"]
[Site "204.178.125.65"]
[Date "1999.11.29"]
[Round "?"]
[White "Astra"]
[Black "Hossa"]
[Result "0-1"]
[WhiteElo "2168"]
[BlackElo "2458"]
[Annotator "Hiarcs 7.32 (11s)"]
[PlyCount "34"]
[EventDate "1999.??.??"]

1. e4 1... c5 {Opening = 6.a4 ---} 2. Nf3 Nc6 3. d4 cxd4 4. Nxd4 e5 5. Nb5 d6
6. a4 Nf6 (6... Be7 7. Bc4 Nf6 8. N1c3 O-O 9. Bg5 Nxe4 10. Nxe4 Bxg5 11. O-O
Be7 12. Nbxd6 Nd4 13. Nxc8 Rxc8 14. b3 a6 15. c3 b5 16. axb5 axb5 17. Bxf7+
Rxf7 18. cxd4 exd4 19. Qd3 Qb6 20. Rfd1 Rd8 21. Ra2 h6 22. Rda1 Bb4 23. Ra8
Rxa8 24. Rxa8+ Bf8 25. g3 g6 26. Re8 Kg7 27. Re5 Rf5 28. Rxf5 gxf5 29. Nd2 f4
30. Nf3 Bc5 31. Ne1 fxg3 32. hxg3 Qe6 33. Ng2 b4 34. Nf4 Qf7 35. Qe4 Kg8 36.
Nd3 Bf8 37. Qg4+ Bg7 38. Qc8+ Bf8 39. Qg4+ Bg7 40. Qc8+ Bf8 41. Qc2 {
Chandler,M-Schmittdiel,E/BL9697 Solingen-Bochum 1996/BL9697/1-0 (60)}) 7. Bg5
7... h6 $146 (7... a6 8. Bxf6 gxf6 9. N5c3 Be6 10. Nd5 Bg7 11. Nbc3 f5 12. exf5
Bxf5 13. Bd3 Be6 14. Be4 O-O 15. g4 Qh4 16. Ne3 Nd4 17. Rg1 Kh8 18. Qd3 Rac8
19. Rg3 Bh6 20. Bxb7 Rb8 21. Bg2 Rxb2 22. Rh3 {
Ghinda,M-Moldovan,D/ROM-chT 1992/EXT 92ch/0-1 (49)}) 8. Bxf6 gxf6 9. g4 Be6 10.
h3 Rc8 11. N1c3 a6 12. Na3 Qb6 13. Rb1 Qb4 14. Qd3 Bg7 15. Nc4 Nd4 16. Ne3 Ba2
17. Rd1 Qxb2 (17... Qxb2 18. Nxa2 Nf3+ 19. Ke2 19... Nd4+ $19) 0-1

[Event "ICS Rated blitz match"]
[Site "204.178.125.65"]
[Date "1999.11.29"]
[Round "?"]
[White "Hossa"]
[Black "SharpShooter"]
[Result "1/2-1/2"]
[WhiteElo "2463"]
[BlackElo "2662"]
[PlyCount "204"]
[EventDate "1999.??.??"]

1. e4 e5 2. Nf3 Nc6 3. Bb5 a6 4. Bxc6 dxc6 5. O-O Bg4 6. h3 h5 7. d3 Qf6 8.
Nbd2 b5 9. a4 Be6 10. axb5 cxb5 11. Nb3 Bxb3 12. cxb3 Ne7 13. d4 exd4 14. Qxd4
Nc6 15. Qxf6 gxf6 16. Bf4 Bd6 17. Bxd6 cxd6 18. Rfd1 Kd7 19. Nd4 Nxd4 20. Rxd4
Rhc8 21. b4 Rc6 22. b3 Re8 23. h4 Re5 24. f4 Re8 25. Kh1 Rg8 26. e5 Rg4 27.
exd6 Rxh4+ 28. Kg1 Rg4 29. Kh2 Rc2 30. Rxa6 Rgxg2+ 31. Kh1 Rh2+ 32. Kg1 h4 33.
Ra7+ Ke6 34. Rd3 h3 35. Rg3 Rhd2 36. Ra1 h2+ 37. Kh1 Rxd6 38. Rh3 Rd4 39. Re1+
Kf5 40. Rh5+ Kg6 41. Rc5 Rf2 42. Rxb5 Rdxf4 43. Rb8 f5 44. b5 Rb4 45. Rg8+ Kf6
46. Rb1 Rxb5 47. Rh8 Rf3 48. Rd1 Rfxb3 49. Rh6+ Kg5 50. Rh7 f4 51. Rxf7 Rh3 52.
Rf1 Rh4 53. Rg7+ Kf6 54. Rg2 Rbh5 55. Rff2 Kf5 56. Rb2 Rh8 57. Rgc2 Rh3 58. Rg2
f3 59. Rgd2 Re8 60. Rd5+ Kf4 61. Rb1 Re2 62. Rd8 Rf2 63. Rb4+ Kf5 64. Rb1 Kg4
65. Rg8+ Kf4 66. Rf8+ Kg5 67. Rd8 Kf6 68. Rbd1 Rg3 69. Rc1 Ke7 70. Rd4 Kf7 71.
Rd7+ Ke6 72. Rdc7 Rgg2 73. R7c6+ Ke5 74. R6c4 Kf6 75. Re1 Kg6 76. Rd1 Kg5 77.
Rd5+ Kf6 78. Rd6+ Ke5 79. Rd1 Kf5 80. Rh4 Kf6 81. Rh6+ Kg7 82. Rc6 Kf7 83. Rc7+
Kf6 84. Rc5 Ke6 85. Rc6+ Kf5 86. Rc4 Re2 87. Rf1 Rgf2 88. Rxf2 Rxf2 89. Rh4 Ke6
90. Rd4 Kf5 91. Rh4 Ke5 92. Rh5+ Ke4 93. Rh4+ Kd5 94. Rh5+ Kd6 95. Rh6+ Kc7 96.
Rh5 Kb6 97. Rb5+ Kc6 98. Rb2 Re2 99. Rb6+ Kd7 100. Rd6+ Ke7 101. Rd7+ Ke6 102.
Rd6+ 102... Kxd6 {Hossa stalemated} 1/2-1/2

[Event "ICS Rated blitz match"]
[Site "204.178.125.65"]
[Date "1999.11.29"]
[Round "?"]
[White "izirom"]
[Black "Hossa"]
[Result "0-1"]
[WhiteElo "2121"]
[BlackElo "2471"]
[PlyCount "124"]
[EventDate "1999.??.??"]

1. e4 e5 2. Nf3 Nc6 3. Bb5 a6 4. Ba4 Nf6 5. O-O Be7 6. Re1 b5 7. Bb3 d6 8. c3
O-O 9. h3 Na5 10. Bc2 c5 11. d4 Qc7 12. d5 Ne8 13. Nbd2 f5 14. exf5 Bxf5 15.
Ne4 Qd7 16. Ng3 Bxc2 17. Qxc2 Nc7 18. Qd3 Nc4 19. b3 Nb6 20. c4 Rab8 21. Be3
bxc4 22. bxc4 Qa4 23. Nd2 Kh8 24. Nf5 Qd7 25. Nxe7 Qxe7 26. Ne4 Nd7 27. Rab1
Rxb1 28. Rxb1 h6 29. Rb7 Rc8 30. Qa3 Nf6 31. Ng3 Qf7 32. Qxa6 Qxd5 33. Qa7 Qd1+
34. Kh2 Nfe8 35. Nf5 Ra8 36. Qb6 Ra6 37. Qb2 Qd3 38. Nh4 Qxc4 39. Rb8 Qxh4 40.
Qb7 Qe7 41. Rc8 Qf7 42. Qb8 Qg8 43. Qb7 Rxa2 44. Qb8 Ra8 45. Qb7 Rxc8 46. Qxc8
Qe6 47. Qb8 Kh7 48. Bd2 g6 49. Qb1 Qf5 50. Qb7 Qxf2 51. Ba5 Qf4+ 52. Kh1 Qf1+
53. Kh2 Qa6 54. Kg1 Qxb7 55. Be1 Qe4 56. Bg3 d5 57. Kh2 c4 58. h4 c3 59. h5
gxh5 60. Bf2 c2 61. Bb6 Qh4+ 62. Kg1 62... c1=Q# {izirom checkmated} 0-1

[Event "ICS Rated blitz match"]
[Site "204.178.125.65"]
[Date "1999.11.29"]
[Round "?"]
[White "Hossa"]
[Black "izirom"]
[Result "1-0"]
[WhiteElo "2475"]
[BlackElo "2117"]
[PlyCount "65"]
[EventDate "1999.??.??"]

1. e4 c5 2. Nf3 d6 3. Bc4 e6 4. Nc3 a6 5. d4 cxd4 6. Nxd4 Qc7 7. Bb3 Nf6 8. O-O
b5 9. Bd2 b4 10. Nce2 Nxe4 11. Bxb4 Be7 12. Qd3 Nc5 13. Bxc5 dxc5 14. Qf3 Bb7
15. Ba4+ Nd7 16. Qc3 O-O 17. Bxd7 Qxd7 18. Nb3 Qc6 19. f3 Bf6 20. Qxc5 Bxb2 21.
Rab1 Bf6 22. Qxc6 Bxc6 23. Rfd1 Rfd8 24. c4 h5 25. Nf4 h4 26. Nd3 h3 27. Nb4
Bb7 28. c5 Rxd1+ 29. Rxd1 a5 30. c6 axb4 31. cxb7 Rb8 32. Rd7 hxg2 33. Na5 {
izirom resigns} 1-0

[Event "ICS Rated blitz match"]
[Site "204.178.125.65"]
[Date "1999.11.29"]
[Round "?"]
[White "Quanny"]
[Black "Hossa"]
[Result "1/2-1/2"]
[WhiteElo "2741"]
[BlackElo "2479"]
[PlyCount "137"]
[EventDate "1999.??.??"]

1. d4 Nf6 2. c4 g6 3. Nf3 Bg7 4. e3 c6 5. Nc3 d5 6. Be2 O-O 7. O-O Bg4 8. cxd5
cxd5 9. Qb3 b6 10. Bd2 Ne4 11. Rfd1 e6 12. Rac1 Nxd2 13. Nxd2 Bxe2 14. Nxe2 Na6
15. Qa3 Nb8 16. Rc2 a6 17. Rdc1 a5 18. Nf3 Re8 19. Qb3 a4 20. Qb4 f6 21. Nc3 a3
22. Na4 axb2 23. Rxb2 Bf8 24. Qb3 Nd7 25. Rc6 Rc8 26. Rcc2 Bg7 27. Ne1 Rxc2 28.
Qxc2 f5 29. Nd3 e5 30. dxe5 Nxe5 31. Rxb6 Nxd3 32. Qxd3 f4 33. Rb5 fxe3 34.
fxe3 Qh4 35. Qd1 Bd4 36. g3 Bxe3+ 37. Kg2 Qe4+ 38. Kh3 Ra8 39. Nc3 Qe6+ 40. g4
d4 41. Qh1 Rf8 42. Qd5 Qxd5 43. Nxd5 Rf3+ 44. Kg2 Rf2+ 45. Kg3 Rxa2 46. Rb8+
Kf7 47. Rb7+ Ke6 48. Nxe3 dxe3 49. Rxh7 Rf2 50. Ra7 Rb2 51. h4 Rb5 52. Kf3 Re5
53. Ra2 Kf7 54. Re2 Ke6 55. Rb2 Kf7 56. Ke2 Re4 57. Rb7+ Ke6 58. h5 Rxg4 59. h6
Rh4 60. Kxe3 Rh3+ 61. Kf4 Rxh6 62. Rb6+ Kf7 63. Kg5 Rh3 64. Rb7+ Kg8 65. Kg4
Re3 66. Kf4 Rh3 67. Kg5 Rg3+ 68. Kh6 Kf8 69. Rd7 {
Game drawn by mutual agreement} 1/2-1/2

[Event "ICS Rated blitz match"]
[Site "204.178.125.65"]
[Date "1999.11.29"]
[Round "?"]
[White "Hossa"]
[Black "Rogo"]
[Result "1-0"]
[WhiteElo "2489"]
[BlackElo "2275"]
[Annotator "regina"]
[PlyCount "61"]
[EventDate "1999.??.??"]

1. e4 e5 2. f4 exf4 3. Nf3 d6 4. d4 h6 ({RR} 4... Nf6 5. Nc3 Bg4 6. Bxf4 Be7 7.
Bc4 Nbd7 8. O-O Nb6 9. Bd3 O-O 10. Qd2 Re8 11. Rae1 Nfd7 12. Qf2 Bf6 13. Be3
Rc8 14. Qg3 Bh5 15. Ng5 Bg6 16. Re2 Nf8 17. Nf3 Ne6 18. e5 dxe5 19. dxe5 {
Ranft,S-Hyttrek,J/JBL NW95/96 1995/1-0 (32)}) 5. Bxf4 5... Nf6 $146 6. Bb5+ (6.
Bd3 d5 7. e5 Nh5 8. Be3 $16) 6... Bd7 7. Qe2 Be7 8. O-O O-O 9. Bxd7 Nbxd7 10.
Nc3 Re8 11. Qb5 Qc8 12. Rad1 Nf8 13. Be3 c6 14. Qb3 Qc7 15. Rde1 Rad8 16. Bf4
Ng6 17. Bd2 Bf8 18. Qc4 d5 19. Nxd5 Nxd5 20. exd5 Rxe1 21. Rxe1 Rxd5 22. Qd3
Rd8 23. c4 Qd7 24. Qf1 Qf5 25. Re2 Qd3 26. b3 Be7 27. Bb4 Bf6 28. Re8+ Rxe8 29.
Qxd3 Nf4 30. Qf5 Ne2+ 31. Kf1 {Rogo resigns} 1-0

[Event "ICS Rated blitz match"]
[Site "204.178.125.65"]
[Date "1999.11.29"]
[Round "?"]
[White "Beadle"]
[Black "Hossa"]
[Result "1-0"]
[WhiteElo "2501"]
[BlackElo "2496"]
[Annotator "Hiarcs 7.32 (11s)"]
[PlyCount "135"]
[EventDate "1999.??.??"]

1. e4 1... e5 {Opening = 7.... Bg4 8.--} 2. Nf3 Nc6 3. Bb5 a6 4. Ba4 Nf6 5. O-O
Be7 6. Bxc6 dxc6 7. d3 Bg4 8. Be3 $146 (8. h3 Bh5 9. Nbd2 Bd6 10. Nc4 Qd7 11.
Bg5 Qe6 12. Ne3 O-O-O 13. Nf5 Rhg8 14. Ng3 Bg6 15. Nh4 h6 16. Be3 Kb8 17. Nhf5
Bxf5 18. Nxf5 Bf8 19. Qf3 g6 20. Ng3 h5 21. Bg5 Be7 22. Bxf6 22... Bxf6 {
Hegde,R-Chattertee,L/Calcutta op 1996/EXP 50/1/2-1/2 (47)}) (8. Nbd2 O-O (8...
c5 9. Nc4 Nd7 10. h3 Bxf3 11. Qxf3 Bf6 12. Ne3 O-O 13. Nd5 Re8 14. Be3 b6 15.
g3 c6 16. Nxf6+ Qxf6 17. Qg2 Qg6 18. Rad1 Rad8 19. Kh2 Nf8 20. Qf3 Ne6 21. c3
Rd6 22. Qe2 Red8 23. Qc2 {
Schmittdiel,E-Ketterer,C/Triberg rapid 1991/GER 04/1-0 (36)}) 9. h3 Bh5 10. g4
Nxg4 11. hxg4 Bxg4 12. Qe1 Bc5 13. Kh1 f5 14. Nh2 Bh3 15. Rg1 f4 16. Ndf3 Qd6
17. Rg5 Rae8 18. Bd2 Qh6 19. Qe2 Rf7 20. Rag1 Bd6 21. Bc3 Rfe7 22. Nd2 b5 23.
b3 g6 24. Rh5 {1-0 Mathe,G-Schraufl,W/Nuernberg 1990/EXT 90op2 (24)}) 8... Nd7
9. h3 {Weiss ergreift die Initiative} 9... Bh5 10. Nbd2 O-O 11. g4 Bg6 12. c3 {
Staerkt b4} 12... c5 13. Qb3 b5 14. Qd5 14... Re8 $14 (14... Bd6 15. Qc6 Nf6
16. a4 $11) 15. a4 15... b4 {Raumvorteil} (15... Bd6 16. Qc6 $1 {
danach kommt Weiss in Vorteil} 16... b4 17. Nc4 $14) 16. Nc4 {
Dort fuehlt sich der weisse Springer wohl} 16... Bf8 17. Bg5 17... Be7 {
Schwarz haelt das Heft fest in der Hand} 18. Bd2 Bf8 19. Kg2 $14 (19. a5 $5 $16
) 19... Re6 20. Bg5 Qc8 21. Ne3 $15 (21. Ncd2 $5 $14 {kommt in Betracht}) 21...
Rd6 $11 (21... bxc3 22. bxc3 h6 23. Bh4 $14) 22. Qc4 $15 (22. Qb3 Rb8 23. Rad1
bxc3 24. Qxc3 24... f6 $11) 22... Nb6 $11 (22... h6 23. Bh4 Nb6 24. Qb3 Rxd3
25. Nxe5 Bxe4+ 26. f3 Rd2+ 27. Rf2 $17) 23. Qb3 h6 24. cxb4 c4 25. Nxc4 Nxc4
26. Bc1 $15 (26. Bh4 Nb6 27. Nxe5 27... Qe6 $11) 26... Nb6 27. Nxe5 Qe8 28. Bf4
28... Rad8 {Uebt Druck auf den rueckstaendigen Bauern d3 aus} 29. f3 Bh7 30. a5
$15 {Weiss gewinnt Raum} (30. Rfc1 Rf6 31. Bg3 31... Rd4 $11) 30... Na8 31.
Rac1 $17 (31. Rfc1 $5 $15) 31... Re6 $1 {
die richtige Fortsetzung, um den Vorteil festzuhalten} 32. Nc4 Qb5 33. Bd2
33... Re7 $15 (33... c5 34. Be1 $17) 34. Rfe1 Red7 35. Re3 Rd4 36. f4 Qe8 37.
f5 {Weiss erobert Raum} 37... Be7 38. Rd1 Bg5 39. Rf3 Bxd2 40. Rxd2 Qc6 41. Rc2
Qf6 42. Kh1 $15 (42. b5 Rb8 43. Na3 $15) 42... R8d7 $11 (42... c6 $5 $15) 43.
b5 axb5 44. Qxb5 44... Qh4 $4 $18 (44... c6 $142 {ist die einzige Rettung} 45.
Qe5 45... Qd8 $11) 45. Ne5 Qe1+ 46. Kh2 Rd8 47. Nc6 R4d6 48. Nxd8 {Droht Matt}
48... Rxd8 49. Rcf2 f6 50. a6 Qd1 51. a7 Kh8 52. Qb8 Rg8 53. h4 Qa4 54. g5 (54.
b4 {gibt noch groesseren Vorteil} 54... Qa1 $18) 54... hxg5 55. hxg5 fxg5 56.
Rg2 Qa6 (56... Qc6 57. b3 $18) 57. Rh3 Rc8 (57... Qa5 $18 {
die letzte Gegenchance}) 58. Rxg5 $1 {das wars} 58... Qd6+ (58... Nb6 59. Rgh5
Kg8 60. Rxh7 Qa5 61. Rh8+ Kf7 62. Rxc8 Qd2+ 63. Kg3 Qxd3+ 64. Kf4 Qd2+ 65. Re3
Qf2+ 66. Kg4 Qg2+ 67. Rg3 Qxe4+ 68. Kg5 Qe7+ 69. Kh5 Qe2+ 70. Kh4 Qe4+ 71. Kg5
Qe7+ 72. Kf4 Nd5+ 73. Kf3 Qe3+ 74. Kg2 Nf4+ 75. Kh1 Qe1+ 76. Kh2 Qe2+ 77. Kh1
Qe1+ 78. Kh2 Qe2+ 79. Kg1 Qe1+ 80. Kh2 $11) 59. Kg2 $1 {
die Pointe. Es droht Matt} 59... Rd8 60. Qb3 $1 {
macht alles klar. Droht Matt: Qf7} 60... Rf8 61. Rgh5 Qh6 62. Rxh6 gxh6 63.
Qc3+ Kg8 64. Rg3+ Bg6 65. Rxg6+ Kf7 66. Rg7+ Ke8 67. Qc6+ Kd8 68. Qxa8# 1-0

[Event "ICS Rated blitz match"]
[Site "204.178.125.65"]
[Date "1999.11.29"]
[Round "?"]
[White "Hossa"]
[Black "bergkamp"]
[Result "1-0"]
[WhiteElo "2480"]
[BlackElo "2163"]
[Annotator "Hiarcs 7.32 (11s)"]
[PlyCount "61"]
[EventDate "1999.??.??"]

1. e4 1... d5 {Opening = 4.... Bf5} 2. exd5 Nf6 3. d4 Nxd5 4. Nf3 Bf5 5. Bd3 (
5. Nh4 Bg6 6. Nd2 e6 7. Nxg6 hxg6 8. Nf3 Nd7 9. g3 c6 10. Bg2 Be7 11. O-O O-O
12. c4 N5f6 13. Qe2 Re8 14. Rd1 Qc7 15. b3 Rad8 16. Bb2 Bf8 17. Bc3 a5 18. Rac1
Qb6 19. Ng5 Bb4 20. c5 Qa7 21. Bb2 a4 22. a3 Ba5 23. b4 Bc7 24. b5 cxb5 25.
Qxb5 Nd5 26. Rc4 Qa5 27. Qxb7 N7f6 28. Qc6 Ra8 29. Ne4 Ra6 30. Nxf6+ Nxf6 31.
Bc3 Rxc6 32. Bxa5 Nd5 33. Bxc7 Rxc7 34. Rb1 Ra7 35. Kf1 Kf8 36. Bxd5 exd5 37.
Rcb4 Rc8 38. Rb7 Ra6 39. R1b6 Rxb6 40. Rxb6 Ke7 41. h4 Rf8 42. Ke2 Rh8 43. Rb4
Ra8 44. Ke3 Ra6 45. Rb7+ Ke8 46. Rb6 Ra7 47. Kd2 f6 48. c6 {
1-0 Rowson,J-Arkell,K/Edinburgh 1996/CBM 57/[Jacoby] (48)}) 5... Bxd3 6. Qxd3
c6 (6... e6 7. O-O Nd7 8. c4 N5f6 9. Nc3 Be7 10. b3 O-O 11. Bb2 c6 12. Qe2 Re8
13. Rad1 Qa5 14. Rfe1 Rad8 15. Qc2 Nf8 16. Ne5 Rd6 17. Na4 Red8 18. Bc3 Qc7 19.
Nc5 b6 20. Ncd3 Ng6 21. Nxg6 hxg6 22. d5 exd5 23. Be5 dxc4 24. Qxc4 Qc8 25.
Bxd6 Bxd6 26. g3 Ng4 27. a4 Qf5 28. Qe4 Qh5 29. Qg2 Kh7 30. h3 Nf6 31. Ne5 Bxe5
32. Rxd8 Bc7 33. Rc8 Bd6 34. Qxc6 Bc5 35. Qa8 Kh6 36. Rh8+ Nh7 37. Qe4 Qxh3 38.
Qg2 Qh5 39. Qh2 a5 40. Qxh5+ gxh5 41. Rc1 Bd4 42. Rd8 Ng5 43. Rc6+ {
1-0 Tondivar,B-Wuts,F/Leeuwarden 1996 (43)}) 7. O-O 7... g6 $146 (7... e6 8. c4
Nf6 9. Nc3 Be7 10. Bg5 O-O 11. Rad1 Nbd7 12. a3 (12. Ne5 Re8 13. Rfe1 Qc7 14.
Nxd7 Qxd7 15. d5 cxd5 16. cxd5 Rad8 17. Bxf6 Bxf6 18. d6 Bxc3 19. Qxc3 Rc8 20.
Qd4 a6 21. Re3 Rc6 22. h4 f6 23. f4 Rd8 24. Red3 Rdc8 25. b3 Rc5 26. a4 h6 27.
Qe4 Rc1 28. Rxc1 Rxc1+ 29. Kh2 Rc8 30. Qd4 Rd8 31. Qe4 Kf7 32. Rg3 Kg8 33. Rd3
Re8 34. Qd4 {1/2-1/2 Emodi,G-Eismont,O/Kobanya op 1992/TD 92\11 (34)}) 12...
Re8 13. Rfe1 Nf8 14. d5 cxd5 15. cxd5 Nxd5 16. Nxd5 Bxg5 17. Nxg5 Qxd5 18. Qg3
Qf5 19. Ne4 Red8 20. f3 Qa5 21. Qf2 h6 22. h3 {
McDonald,N-Cooper,L/BCF-ch 1994/TD 94\03/1/2-1/2 (45)}) 8. Qb3 Qc7 9. c4 Nf6
10. Bf4 Qd7 11. Ne5 Qc8 12. Re1 e6 13. Bg5 Bg7 14. Qf3 Nbd7 15. Bxf6 Nxf6 16.
Qa3 c5 17. dxc5 O-O 18. Nc3 Nd7 19. Nxd7 Qxd7 20. Rad1 Qc7 21. Nb5 Qf4 22. Rd7
a6 23. Nc3 Rab8 24. Qb3 Be5 25. g3 25... Qf3 $4 {das letzte Eigentor} (25...
Qf5 $18) 26. Rxe5 Rfd8 27. Ne4 (27. Rd6 {ginge schneller} 27... Rdc8 $18) 27...
Qe2 (27... Qxb3 {sonst gehen die Lichter sofort aus} 28. Rxd8+ Rxd8 29. axb3
29... Rd3 $18) 28. Nf6+ Kg7 29. Rxe2 Kxf6 30. Qf3+ Kg7 31. Qxf7+ (31. Qxf7+ Kh6
32. Qxh7+ Kg5 33. Qh4+ Kf5 34. Rf7#) 1-0

[Event "ICS Rated blitz match"]
[Site "204.178.125.65"]
[Date "1999.11.29"]
[Round "?"]
[White "SharpShooter"]
[Black "Hossa"]
[Result "1-0"]
[WhiteElo "2663"]
[BlackElo "2484"]
[PlyCount "71"]
[EventDate "1999.??.??"]

1. e4 c5 2. Nf3 Nc6 3. d4 cxd4 4. Nxd4 e5 5. Nb5 d6 6. N1c3 a6 7. Na3 Nf6 8.
Bg5 Be7 9. Nc4 b5 10. Bxf6 gxf6 11. Ne3 Bf8 12. Bd3 Bh6 13. Qh5 Bg5 14. Ned5 b4
15. Ne2 f5 16. exf5 Bb7 17. O-O h6 18. Rad1 Na5 19. Be4 Rb8 20. f4 exf4 21.
Nexf4 Bxf4 22. Rxf4 b3 23. axb3 Kf8 24. f6 Bc6 25. Ne7 Rb5 26. Bf5 Qb6+ 27.
Rfd4 Qc7 28. Qg4 Ke8 29. Qg7 Rf8 30. Re1 Re5 31. Rxe5 Qa7 32. Nxc6+ dxe5 33.
Nxa7 exd4 34. Qg3 Nc6 35. Nxc6 a5 36. Qb8# {Hossa checkmated} 1-0

[Event "ICS Rated blitz match"]
[Site "204.178.125.65"]
[Date "1999.11.29"]
[Round "?"]
[White "Hossa"]
[Black "WhiteCastles"]
[Result "0-1"]
[WhiteElo "2476"]
[BlackElo "2888"]
[PlyCount "150"]
[EventDate "1999.??.??"]

1. e4 c5 2. Nf3 e6 3. d4 cxd4 4. Nxd4 a6 5. Nc3 Qc7 6. Be2 Nc6 7. O-O Nf6 8.
Be3 Bb4 9. Nxc6 bxc6 10. Qd4 c5 11. Qd3 Bb7 12. a3 Bxc3 13. Qxc3 Bxe4 14. f3
Bf5 15. Rad1 O-O 16. Bd4 Nd5 17. Qxc5 Qxc5 18. Bxc5 Rfc8 19. b4 Bxc2 20. Rd2
Ba4 21. Re1 Rc6 22. Bc4 Nb6 23. Bd3 d5 24. Be2 Nd7 25. Be3 Rac8 26. Rd4 Bb5 27.
Bd1 Nb6 28. Rg4 Na4 29. Bd4 g6 30. Kf2 Nc3 31. Bc2 Ba4 32. Bd3 Nb5 33. Bc5 Ra8
34. f4 Nc7 35. Rc1 Rc8 36. Rg3 Ne8 37. Ke3 Nd6 38. h4 h5 39. Bb1 R6c7 40. Kd4
Nb5+ 41. Ke5 Kg7 42. f5 exf5 43. Bxf5 Rd8 44. Bd3 Rcd7 45. Kf4 d4 46. Re1 Nc3
47. Rf1 Bc6 48. Rg5 Bb5 49. Bxb5 axb5 50. Re5 d3 51. Bb6 Ra8 52. Be3 d2 53.
Bxd2 Rxd2 54. Kf3 Rxa3 55. Re3 Rc2 56. Rg1 Rb3 57. g4 Rxb4 58. gxh5 Nd5 59. Rd3
Nf4 60. Re3 Nxh5 61. Re5 Kf6 62. Rgg5 Rf4+ 63. Ke3 Rc3+ 64. Kd2 b4 65. Re8 Rd4+
66. Ke1 Rc1+ 67. Ke2 Rc2+ 68. Ke3 Rxh4 69. Rb5 Rhh2 70. Rb6+ Kg5 71. Rf8 Rc3+
72. Ke4 Re2+ 73. Kd4 Rd2+ 74. Ke4 Ng3+ 75. Ke5 75... Rc5# {Hossa checkmated}
0-1

[Event "ICS rated blitz match"]
[Site "204.178.125.65"]
[Date "1999.11.29"]
[Round "?"]
[White "Zippy"]
[Black "Hossa"]
[Result "1-0"]
[WhiteElo "2323"]
[BlackElo "2473"]
[PlyCount "127"]
[EventDate "1999.??.??"]

1. e4 c5 2. Nf3 e6 3. Nc3 a6 4. d4 cxd4 5. Nxd4 Qc7 6. a3 Nf6 7. Be3 Bc5 8. Be2
d6 9. Bg5 Nbd7 10. Nb3 Ba7 11. Qd2 O-O 12. O-O-O Bb8 13. f4 h6 14. Bh4 d5 15.
e5 Ne4 16. Nxe4 dxe4 17. Qe3 Qc6 18. Na5 Qb6 19. Qxb6 Nxb6 20. Rd4 f5 21. Be7
Rf7 22. Rd8+ Kh7 23. Bd6 Rd7 24. Rxd7 Nxd7 25. g3 Ba7 26. Kb1 Bf2 27. Rf1 Bb6
28. Nc4 Ba7 29. Bb4 Nb6 30. Nxb6 Bxb6 31. Rd1 a5 32. Be7 Kg6 33. c3 Kf7 34. Bd8
Be3 35. Kc2 b6 36. b3 a4 37. b4 Rb8 38. Bb5 g6 39. Bc6 Kf8 40. Bc7 Bb7 41. Bxb8
Bxc6 42. Rd6 Bd5 43. Ba7 Bg1 44. Bxb6 Bxh2 45. Bf2 h5 46. b5 h4 47. Rxd5 exd5
48. b6 hxg3 49. b7 gxf2 50. b8=Q+ Kg7 51. Qa7+ Kg8 52. Qxf2 Bxf4 53. Qxf4 Kg7
54. Qh4 e3 55. Kd3 f4 56. Qf6+ Kh7 57. e6 e2 58. Kxe2 f3+ 59. Kxf3 g5 60. e7
g4+ 61. Kxg4 d4 62. cxd4 Kg8 63. e8=Q+ Kh7 64. Qef7# {Hossa checkmated} 1-0

[Event "ICS Rated standard match"]
[Site "204.178.125.65"]
[Date "1999.11.29"]
[Round "?"]
[White "Hossa"]
[Black "Beadle"]
[Result "0-1"]
[WhiteElo "2203"]
[BlackElo "2345"]
[PlyCount "134"]
[EventDate "1999.??.??"]

1. e4 e5 2. Nf3 Nf6 3. Nxe5 d6 4. Nf3 Nxe4 5. d4 d5 6. Bd3 Bd6 7. O-O O-O 8. c4
c6 9. Nc3 Nxc3 10. bxc3 Qa5 11. Qc2 dxc4 12. Bxc4 Bf5 13. Qb3 b5 14. Be2 Nd7
15. Re1 Be4 16. Ng5 Bd5 17. Qc2 Nf6 18. Bd3 h6 19. Nh7 Nxh7 20. Bxh7+ Kh8 21.
Bd2 Qc7 22. g3 f5 23. Bg6 Rf6 24. Bh5 f4 25. g4 f3 26. h3 Bg3 27. Be3 Qd6 28.
g5 Rff8 29. Qg6 hxg5 30. Qxd6 Bxd6 31. Bxg5 b4 32. cxb4 Bxb4 33. Red1 Rab8 34.
Bg6 Rb6 35. a4 Bd6 36. Rdb1 Rfb8 37. Rxb6 axb6 38. a5 b5 39. a6 Ra8 40. h4 Bb4
41. Be3 Ra7 42. Kh1 Bc3 43. Ra3 b4 44. Ra4 b3 45. Bf4 b2 46. Bb8 Ra8 47. Be5
Bg8 48. Ra3 Bh7 49. Bxh7 Kxh7 50. Rb3 Rxa6 51. Kh2 c5 52. Rb7 Rg6 53. Rb3 Rg2+
54. Kh3 cxd4 55. Bf4 d3 56. Bd2 Bxd2 57. Rxb2 Be3 58. Rb1 Bxf2 59. Rb2 Be1 60.
Rb3 Rg3+ 61. Kh2 f2 62. Rxd3 Rxd3 63. Kg2 Rg3+ 64. Kxg3 f1=Q+ 65. Kh2 Bf2 66.
h5 Qg1+ 67. Kh3 67... Qg3# {Hossa checkmated} 0-1